000
00256nam a22001097a 4500
008
140526t xxu||||| |||| 00| 0 eng d
020
_a
978-81-309-1112-0
100
_a
Subrata Pal
_9
873
245
_a
Textbook of Biomechanics
300
_a
300
942
_2
ddc
_c
BK
999
_c
17115
_d
17115